书目信息 |
| 题名: |
唐诗选 下
|
|
| 作者: | 中国社会科学院文学研究所 编 | |
| 分册: | ||
| 出版信息: | 北京 人民文学出版社 |
|
| 页数: | 395页 | |
| 开本: | 32开 | |
| 丛书名: | ||
| 单 册: | ||
| 中图分类: | I222.742.2 | |
| 科图分类: | ||
| 主题词: | 诗歌--中国 , 韵文--中国 | |
| 电子资源: | ||
| ISBN: | 7-02-000474-1 | |
| 000 | 00633nam0 2200205 45 | |
| 001 | 0009262007 | |
| 005 | 20000926212715.7 | |
| 010 | @a7-02-000474-1@d24.90元 | |
| 100 | @a20000926d km y0chiy0120 ea | |
| 101 | 0 | @achi |
| 105 | @a z 000yy | |
| 200 | 1 | @a唐诗选 下@ATang Shi Xuan Xia@f中国社会科学院文学研究所编@FZhong Guo She Hui Ke Xue Yuan Wen Xue Yan Jiu Suo Bian |
| 210 | @a北京@c人民文学出版社 | |
| 215 | @a395页@d32开 | |
| 606 | 0 | @a诗歌@x中国 |
| 606 | 0 | @a韵文@x中国 |
| 690 | @aI222.742.2@v3 | |
| 701 | 0 | @a中国社会科学院文学研究所@4编 |
| 801 | @aCN@bPftUser@c20000926 | |
| 905 | @b155650-651@dI222.742.2@eZH:787:2@f2 | |
| 唐诗选 下/中国社会科学院文学研究所编.-北京:人民文学出版社 |
| 395页;32开 |
| ISBN 7-02-000474-1:24.90元 |
| ● |
| 相关链接 |
|
|
|
正题名:唐诗选下
索取号:I222.742.2/ZH:787:2
 
预约/预借
| 序号 | 登录号 | 条形码 | 馆藏地/架位号 | 状态 | 备注 |
| 1 | 155650 | 201556501 | 文学库108/108文学库 17排2列1层/ [索取号:I222.742.2/ZH:787:2] | 在馆 | |
| 2 | 155651 | 201556510 | 文学库108/108文学库 17排2列1层/ [索取号:I222.742.2/ZH:787:2] | 在馆 |